przyrządy malarskie sprint 3 minutowy - Statystyki

Ogólne statystyki
  • Ten quiz został rozwiązany 14 razy
  • Średni wynik to 3 z 20
Statystyki odpowiedzi
Odpowiedź % Poprawnych
pedzel
100%
ołówek
42%
paleta
33%
kartka
25%
woda
25%
cienkopis
17%
farba akrylowa
17%
farba olejna
17%
kredki
17%
kubek
17%
farba akwarelowa
8%
flamastry
8%
linijka
8%
biały marker
0%
farba plakatowa
0%
markery
0%
nie wiem
0%
nwm
0%
pisaki
0%
szpatułka
0%
Nie znaleziono quizów pasujących do podanych kryteriów
Rozkład punktacji
Procent ludzi z każdym wynikiem
Percentyl według liczby udzielonych odpowiedzi
Twoja historia wyników
Nie rozwiązałeś tego quizu